00446nam a2200133Ia 4500008004100000100002200041245006600063245003500129260005300164260000900217300001000226650001500236856006100251170221s9999 xx 000 0 und d aAhmad Ali Harasis 2aA Review of Theories Relevant to E-banking Usage Continuance  cAhmad Ali Harasis, Amran Rasli bInternational Review of Management and Marketing c2013 a8 : 1 xMarketing. uhttp://www.econjournals.com/index.php/irmm/issue/view/77